000 00458nam a2200193Ia 4500
008 151121s9999||||xx |||||||||||||| ||und||
082 _a946।9/FRY
082 _bHNW-51230
100 _aFryer And Pinheiro
245 _aOldest Ally
260 _b"Dennis Dobson, London।"
260 _c--
300 _a280
600 _aFryer And Pinheiro
630 _aOldest Ally
700 _aFryer And Pinheiro
730 _aOldest Ally
942 _cBOOK
999 _c1235681
_d1235678